LEADER 01295nam--2200409---450- 001 990001916620203316 005 20051013114203.0 035 $a000191662 035 $aUSA01000191662 035 $a(ALEPH)000191662USA01 035 $a000191662 100 $a20040809d1985----km-y0itay0103----ba 101 0 $aita 102 $aIT 105 $a||||||||001yy 200 1 $aNuovi programmi per una scuola nuova$ecommento al testo dei nuovi programmi d'insegnamento della scuola elementare$fdi Cesare Scurati, Paolo Calidoni 210 $aBrescia$cLa Scuola$d1985 215 $a331 p.$d21 cm 225 2 $aScuola d'oggi 300 $aCon il testo della legge 410 0$12001$aScuola d'oggi 454 1$12001 461 1$1001-------$12001 606 0 $aScuola elementare$xProgrammi$xSaggi 676 $a372 700 1$aSCURATI,$bCesare$0143298 701 1$aCALIDONI,$bPaolo$0481604 801 0$aIT$bsalbc$gISBD 912 $a990001916620203316 951 $aII.4. Coll.36/ 19(VI C Coll. 13/38)$b17929 L.M.$cVI C Coll. 959 $aBK 969 $aUMA 979 $aSIAV1$b10$c20040809$lUSA01$h1029 979 $aCOPAT1$b90$c20051013$lUSA01$h1141 979 $aCOPAT1$b90$c20051013$lUSA01$h1142 996 $aNuovi programmi per una scuola nuova$9953107 997 $aUNISA LEADER 01303nam--2200409---450- 001 990000791020203316 005 20091127130528.0 010 $a88-14-00791-8 035 $a0079102 035 $aUSA010079102 035 $a(ALEPH)000079102USA01 035 $a0079102 100 $a20011206d1986----km-y0itay0103----ba 101 $aita 102 $aIT 105 $a||||||||001yy 200 1 $a<> incesto$eaggressori e vittime, diagnosi e terapia$fIsabella Merzagora$gcon appendice di L. Lanza 210 $aMilano$cGiuffré$d1986 215 $aXII, 218 p.$d23 cm 225 2 $aCollana di psicologia giuridica e criminale$v17 410 $12001$aCollana di psicologia giuridica e criminale$v17 461 1$1001-------$12001 676 $a364.1536 700 1$aMERZAGORA,$bIsabella$0226236 702 1$aLANZA,$bL. 801 0$aIT$bsalbc$gISBD 912 $a990000791020203316 951 $aCOLL FAA 17$b2374 G$cCOLL FAA 951 $aXXVI.1. Coll. 3/ 11 (COLL FAA 17)$b4611 G$cXXVI.1. Coll. 3/ 11 (COLL FAA)$d00212758 959 $aBK 969 $aGIU 979 $aPATTY$b90$c20011206$lUSA01$h1509 979 $c20020403$lUSA01$h1726 979 $aPATRY$b90$c20040406$lUSA01$h1654 979 $aRSIAV5$b90$c20091127$lUSA01$h1305 996 $aIncesto$9584434 997 $aUNISA